000 00847nam a2200277Ia 4500
001 Para_8347
003 CHAP
008 220125s1999 xx 000 0 und d
010 _a207209
040 _cCHAP
082 _aPA-C 595.752 A6
100 _aDavis, John Jone
_9173736
245 _aWilliams the aphididae of Nebraska; a critical review /
_c by John Jone Davis
260 _as.l. :
_b s.n.
300 _a38 p.
440 _aaphidae; 12
_9173737
500 _aEncuadernado con otros impresos similares
650 _a
_x Afididos
_x Colecciones de escritos
_x Afididos
_x Nebraska
_x Parasitólogos estadounidenses Biografía
_9173738
901 _aPA-C 595.752 A6
902 _aA
905 _a00000019-- a 0000000000 00
910 _a19--
942 _cPARA
942 _cPARA
_d1
999 _c207209
_d207209